| 000 | 00761cam a22002775a 4500 | ||
|---|---|---|---|
| 001 | 15867113 | ||
| 003 | OSt | ||
| 005 | 20140310182251.0 | ||
| 008 | 090813s2010 nyu 000 0 eng | ||
| 010 | _a 2009934857 | ||
| 020 | _a9781416989400 | ||
| 040 |
_aDLC _cDLC |
||
| 050 |
_aPZ 7 _b.Sm642 1994 |
||
| 082 |
_aFIC _bSm6f 1994 |
||
| 100 | 1 |
_aSmith, L. J. _q(Lisa J.) _920004 |
|
| 245 | 1 | 4 |
_aThe forbidden game : _bthe hunter, the chase, the kill / _cL.J. Smith. |
| 260 |
_aNew York : _bSimon Pulse, _cc1994. |
||
| 263 | _a1006 | ||
| 300 |
_a750 p. ; _c20 cm. |
||
| 490 | 0 | _aThe forbidden game | |
| 650 |
_aFiction _9746 |
||
| 906 |
_a0 _bibc _corignew _d2 _eepcn _f20 _gy-gencatlg |
||
| 942 |
_2lcc _cBK-FIC |
||
| 999 |
_c11369 _d11369 |
||